Memorias del primer año del cuatrenio 2012-2016 / (Record no. 9837)

MARC details
000 -LEADER
campo de control de longitud fija 01332nam a22003137a 4500
001 - NÚMERO DE CONTROL
campo de control 9837
003 - IDENTIFICADOR DE NÚMERO DE CONTROL
campo de control DO-BaUCT
005 - FECHA Y HORA DE LA ÚLTIMA TRANSACCIÓN
campo de control 20250715080010.0
006 - CÓDIGOS DE INFORMACIÓN DE LONGITUD FIJA--CARACTERÍSTICAS DEL MATERIAL ADICIONAL
campo de control de longitud fija a
007 - CAMPO FIJO DE DESCRIPCIÓN FÍSICA--INFORMACIÓN GENERAL
campo de control de longitud fija a
008 - DATOS DE LONGITUD FIJA--INFORMACIÓN GENERAL
campo de control de longitud fija 250715b |||||||| |||| 00| 0 eng d
020 ## - NÚMERO INTERNACIONAL ESTÁNDAR DEL LIBRO
Número Internacional Estándar del Libro 978-9945-8539-9-5
040 ## - FUENTE DE CATALOGACIÓN
Centro catalogador/agencia de origen DO-BaUCT
Lengua de catalogación spa
Centro/agencia transcriptor DO-BaUCT
Normas de descripción rda
041 0# - CÓDIGO DE IDIOMA
Código de lengua del texto/banda sonora o título independiente spa
Código de lengua original spa
082 0# - NÚMERO DE LA CLASIFICACIÓN DECIMAL DEWEY
Número de clasificación RD352.77
Número de ítem R2991m
110 1# - ENTRADA PRINCIPAL--NOMBRE DE ENTIDAD CORPORATIVA
Nombre de entidad corporativa o nombre de jurisdicción como elemento de entrada República Dominicana.
Unidad subordinada Ministerio de Obras Públicas y Comunicaciones MOPC.
Término indicativo de función/relación autor.
245 1# - MENCIÓN DEL TÍTULO
Título Memorias del primer año del cuatrenio 2012-2016 /
Mención de responsabilidad, etc. Ministerio de Obras Públicas y Comunicaciones MOPC.; Texto Gonzalo Castillo, Carlos Santos y Abil Peralta Agüero.
260 ## - PUBLICACIÓN, DISTRIBUCIÓN, ETC.
Lugar de publicación, distribución, etc. Santo Domingo, R. D. :
Nombre del editor, distribuidor, etc. Ministerio de Obras Públicas y Comunicaciones (MOPC).
300 ## - DESCRIPCIÓN FÍSICA
Extensión 239páginas :
Otros detalles físicos Ilustrado (Fotos) ;
Dimensiones 29cm
336 ## - TIPO DE CONTENIDO
Fuente rdacontent
Término de tipo de contenido texto
Código de tipo de contenido txt
337 ## - TIPO DE MEDIO
Fuente rdamedia
Nombre/término del tipo de medio sin mediación
Código del tipo de medio n
338 ## - TIPO DE SOPORTE
Fuente rdacarrier
Nombre/término del tipo de soporte volumen
Código del tipo de soporte nc
651 #4 - PUNTO DE ACCESO ADICIONAL DE MATERIA--NOMBRE GEOGRÁFICO
Fuente del encabezamiento o término Armarc
Nombre geográfico República Dominicana
Subdivisión general Obras públicas
Subdivisión cronológica Memorias e informes -- 2012-2013
651 #4 - PUNTO DE ACCESO ADICIONAL DE MATERIA--NOMBRE GEOGRÁFICO
Fuente del encabezamiento o término Armarc
Nombre geográfico República Dominicana
Subdivisión de forma Obras públicas
Subdivisión general Memorias e informes
Subdivisión cronológica 20012-2013 -- Fotografías
700 1# - ENTRADA AGREGADA--NOMBRE PERSONAL
Nombre de persona Castillo, Gonzalo,
Término indicativo de función/relación texto
700 1# - ENTRADA AGREGADA--NOMBRE PERSONAL
Nombre de persona Santo, Carlos,
Término indicativo de función/relación texto
700 1# - ENTRADA AGREGADA--NOMBRE PERSONAL
Nombre de persona Peralta Agüero, Abil
Término indicativo de función/relación texto
942 ## - ELEMENTOS DE ENTRADA SECUNDARIOS (KOHA)
Fuente de la clasificación o esquema de estantería Clasificación Decimal Dewey
Tipo de ítem Koha Libros
Parte de clasificación RD352.77 R2991m
Prefijo de la signatura RD352.77
Sufijo de signatura topográfica R2991m
Suprimir en OPAC No
Holdings
Estatus retirado Estado de pérdida Fuente de la clasificación o esquema de estantería Estado de daño No para préstamo Colección Biblioteca de origen Biblioteca actual Fecha de adquisición Fuente de adquisición Total de préstamos Signatura topográfica completa Código de barras Visto por última vez Copia número Precio de reemplazo Tipo de ítem Koha
    Clasificación Decimal Dewey     Acervo general de Libros Biblioteca Central Mons. Favio M. Rivas S. Biblioteca Central Mons. Favio M. Rivas S. 15/07/2025 Donado PUCMM   RD352.77 R2991m 00000001343 15/07/2025 1 15/07/2025 Libros